000 00647nam a2200205Ii 4500
003 JO-AjNU
008 230605s9999||||xx |||||||||||||| ||und||
017 _a2005/4/728
040 _aJO-AjNU
_bara
_erda
_cJO-AjNU
041 _aara
050 1 4 _aPK5416.K5512 2005
100 3 _aالمعايطة، سميح مسلم,
_eauthor
_949308
245 0 0 _aقضية ومقال
264 3 1 _aعمان: دار الغد للنشر، 2005
300 _a432ص
336 _atext
_btxt
_2rdacontent
337 _aunmediated
_bn
_2rdamedia
338 _avolume
_bnc
_2rdacarrier
650 4 _aالمقالات العربية - الأردن - تاريخ
_949309
999 _aA21649
_c25217
_d25217